Полиэтиленовый воск из отходов; Экология и промышленность России; № 1

Библиографические подробности
Источник:Экология и промышленность России: ежемесячный общественный научно-технический журнал.— , 2001-
№ 1.— 2002.— С. 33-34
Главный автор: Паус К. Ф.
Другие авторы: Поливанов С. А.
Язык:русский
Опубликовано: 2002
Серии:Анализ. Методика. Прогнозы
Предметы:
Формат: MixedMaterials Статья
Запись в KOHA:https://koha.lib.tpu.ru/cgi-bin/koha/opac-detail.pl?biblionumber=381948

MARC

LEADER 00000naa2a2200000 4500
001 381948
005 20231101062909.0
035 |a (RuTPU)RU\TPU\prd\5172 
090 |a 381948 
100 |a 20020626a2002 k y0rusy50 ca 
101 0 |a rus 
102 |a RU 
200 1 |a Полиэтиленовый воск из отходов  |f К. Ф. Паус, С. А. Поливанов 
225 1 |a Анализ. Методика. Прогнозы 
320 |a Библиогр.: 2 назв. 
461 1 |0 (RuTPU)RU\TPU\prd\1141  |t Экология и промышленность России  |o ежемесячный общественный научно-технический журнал  |d 2001- 
463 1 |0 (RuTPU)RU\TPU\prd\2123  |t № 1  |v С. 33-34  |d 2002 
610 1 |a воск 
610 1 |a отходы 
610 1 |a полиэтилен 
610 1 |a полиэтиленовые воски 
610 1 |a установки 
610 1 |a реакторы 
700 1 |a Паус  |b К. Ф. 
701 1 |a Поливанов  |b С. А. 
801 1 |a RU  |b 63413507  |c 20020626  |g PSBO 
801 2 |a RU  |b 63413507  |c 20050121  |g PSBO 
942 |c BK